[Event "2nd Dute Cup Longgang Masters"]
[Site "Longgang"]
[Date "2018.11.08"]
[Round "5"]
[White "Giri, Anish"]
[Black "Vachier-Lagrave, Maxime"]
[Result "1/2-1/2"]
[WhiteElo "2780"]
[BlackElo "2778"]
[Annotator "TA"]
[PlyCount "61"]
[EventDate "2018.11.04"]
[EventType "swiss"]
[EventCountry "CHN"]
[SourceTitle "playchess.com"]
[Source "ChessBase"]
[SourceQuality "1"]

{[%evp 13,61,14,24,24,29,16,23,18,30,29,29,22,16,19,24,24,25,27,25,17,24,2,12,10,9,18,11,8,11,7,14,0,0,0,0,0,0,0,0,0,0,0,0,0,0,0,0,0,0,0]} 1. Nf3 c5 2. c4 Nf6 3. Nc3 d5 4. cxd5 Nxd5 5. e3 Nxc3 6. dxc3 {A34: Symmetrical English: 2 Nc3, lines with ...d5} Qc7 7. e4 Nc6 {LiveBook: 7 Games} 8. Be3 {White has an edge.} e6 9. Nd2 $146 ({Predecessor:} 9. Be2 Bd6 10. O-O O-O 11. Qc2 b6 12. h3 Bb7 13. Rad1 {0-1 (28) Wojtaszek,R (2736)-Tari,A (2593) Katowice 2017}) 9... Bd6 10. Nc4 Be7 11. Qg4 {[#] Bf4 is the strong threat.} O-O 12. Qg3 Qxg3 13. hxg3 b5 14. Nd2 Rb8 15. Be2 Rd8 16. f4 f6 17. O-O-O c4 {The position is equal.} 18. Nf3 Rxd1+ 19. Rxd1 Bb7 20. g4 Rd8 21. Rxd8+ Bxd8 22. g5 fxg5 23. Nxg5 Bxg5 24. fxg5 $11 {[%mdl 4096] Endgame KBB-KBN} a6 25. Kd2 Ne5 26. Bf4 Nf7 27. Ke3 e5 28. Bg3 Bc8 29. b4 g6 30. a4 Kf8 31. a5 {Precision: White = 83%, Black = 90%.} 1/2-1/2

[Event "2nd Dute Cup Longgang Masters"]
[Site "Longgang"]
[Date "2018.11.08"]
[Round "5"]
[White "Yu, Yangyi"]
[Black "Vitiugov, Nikita"]
[Result "1-0"]
[WhiteElo "2764"]
[BlackElo "2709"]
[Annotator "TA"]
[PlyCount "105"]
[EventDate "2018.11.04"]
[EventType "swiss"]
[EventCountry "CHN"]
[SourceTitle "playchess.com"]
[Source "ChessBase"]
[SourceQuality "1"]

{[%evp 24,105,21,22,22,26,27,30,31,35,53,27,61,47,99,62,104,91,92,103,109,94,108,105,160,154,168,166,161,145,169,150,149,161,251,240,250,244,226,234,250,210,238,120,126,118,125,123,115,120,127,124,145,140,191,190,200,183,304,303,381,372,366,370,491,471,498,468,516,527,518,518,511,503,477,486,495,405,489,474,1537,1364,2104,2082]} 1. e4 e5 2. Nf3 Nc6 3. Bb5 a6 4. Ba4 Nf6 5. O-O Nxe4 6. d4 b5 7. Bb3 d5 8. dxe5 Be6 9. c3 Be7 10. Re1 O-O 11. Nbd2 Nc5 12. Nd4 {C83: Open Ruy Lopez: 9 c3 Be7} Qd7 13. Bc2 {LiveBook: 4 Games} Bg4 14. f3 {The position is equal.} Bh5 15. Bf5 Ne6 16. N2b3 {[#]} Rfd8 $146 ({Predecessor:} 16... Ncxd4 17. cxd4 a5 18. Be3 a4 19. Nc1 Bg6 {1-0 (42) Kamsky,G (2726)-Kortschnoj,V (2598) Dagomys 2008}) 17. Be3 Bf8 18. h4 Re8 (18... a5 $14) 19. Bf2 $36 {[%mdl 2048] White fights for an advantage.} Bg6 20. Bg4 h5 {[#]} 21. Bh3 $1 Ncxd4 22. cxd4 Bb4 23. Re2 Qd8 (23... f5 $142) 24. a3 $16 {Strongly threatening Bxe6.} Bf8 {Black wants to play ...Nf4.} 25. g3 a5 {[#]} 26. f4 $1 {[%cal Rf4f5] aiming for f5.} a4 27. Nc1 {Threatens to win with f5.} f5 28. Qd3 c5 (28... Qc8 $142 29. Qxb5 Rd8) 29. Bxf5 $18 c4 30. Qc2 Bxf5 31. Qxf5 Qb6 32. Qg6 (32. Qxh5 $6 Nxd4 33. Kh2 Bc5) 32... Qa7 33. Rd2 ({Much less strong is} 33. Qxh5 $6 Nxd4 34. Kg2 Bc5 $16) (33. Na2 $18) 33... Qf7 $16 34. Qxf7+ Kxf7 35. f5 Nc7 36. Ne2 b4 37. axb4 Bxb4 38. Rdd1 Nb5 (38... Reb8 $16 39. Nf4 a3) 39. Nf4 $18 Red8 40. Kf1 a3 (40... Kg8 {was necessary.} 41. Be1 (41. Nxh5 c3 $18) 41... c3) 41. bxa3 Rxa3 42. Rxa3 Nxa3 43. Ra1 ({Weaker is} 43. Nxh5 c3 $18) 43... c3 44. Ke2 c2 45. Be3 Nb5 46. Kd3 Rc8 {intending ...Rc3+.} 47. Nxd5 Ba3 48. Bc1 Bxc1 49. Rxc1 Rd8 50. Kc4 Na3+ 51. Kc5 {White is clearly winning.} Rb8 (51... Rc8+ $142 52. Kb4 Nb1 53. e6+ Ke8) 52. Nb6 Rb7 53. Kc6 {Precision: White = 80%, Black = 52%.} 1-0

[Event "2nd Dute Cup Longgang Masters"]
[Site "Longgang"]
[Date "2018.11.10"]
[Round "6"]
[White "Ding, Liren"]
[Black "Giri, Anish"]
[Result "1/2-1/2"]
[WhiteElo "2816"]
[BlackElo "2780"]
[Annotator "TA"]
[PlyCount "69"]
[EventDate "2018.11.04"]
[EventType "swiss"]
[EventCountry "CHN"]
[SourceTitle "playchess.com"]
[Source "ChessBase"]
[SourceQuality "1"]

{[%evp 23,69,16,5,0,0,-25,-20,-21,0,-9,12,0,4,0,3,0,0,0,0,0,0,0,0,-6,0,0,0,0,0,0,0,-11,-15,-16,0,0,0,0,0,0,0,0,0,0,0,0,0,0]} 1. c4 {Roiz,M} e5 2. Nc3 Nf6 3. Nf3 Nc6 4. g3 d5 5. cxd5 Nxd5 6. Bg2 Nb6 7. O-O Be7 8. a3 O-O 9. d3 Be6 10. Be3 f5 11. Rc1 Kh8 12. b4 {A29: English Opening: Four Knights Variation with 4 g3} a6 {LiveBook: 9 Games} 13. Re1 {[#]} Rb8 $146 ({Predecessor:} 13... Qe8 14. Qd2 Bd6 15. Bxb6 cxb6 16. d4 exd4 17. Nxd4 Rd8 18. Nxe6 Qxe6 19. Qa2 Qh6 {0-1 (38) Aronian,L (2809)-Harikrishna,P (2737) Geneva 2017 CBM 180 [Roiz,M]}) 14. Bxb6 cxb6 15. e3 {The position is equal.} Bf6 16. d4 exd4 17. exd4 Bg8 {[%cal Rc6d4]} 18. Ne2 Qd6 19. Qd3 g6 20. b5 axb5 21. Qxb5 Rbd8 (21... Bxd4 $2 22. Nfxd4 Nxd4 23. Qb2 $18) 22. a4 Bd5 23. Ne5 Bxg2 ({Avoid the trap} 23... Nxe5 $2 24. dxe5 Qxe5 25. Nf4 $18) 24. Kxg2 {[%cal Re5c6]} Nxe5 ({Of course not} 24... Nxd4 25. Nxd4 Qxd4 26. Rc7 $16) 25. dxe5 Bxe5 26. Rb1 f4 27. gxf4 Bxf4 28. Red1 Qe6 {[#] Hoping for ...Qg4+.} 29. Rxd8 Rxd8 30. Nxf4 Qg4+ 31. Kf1 Qxf4 32. Qb2+ Kg8 33. Qb3+ Kf8 34. Qa3+ Kg8 35. Qb3+ {Precision: White = 73%, Black = 60%.} 1/2-1/2

[Event "2nd Dute Cup Longgang Masters"]
[Site "Longgang"]
[Date "2018.11.10"]
[Round "6"]
[White "Vachier-Lagrave, Maxime"]
[Black "Vitiugov, Nikita"]
[Result "1/2-1/2"]
[WhiteElo "2778"]
[BlackElo "2709"]
[Annotator "TA"]
[PlyCount "67"]
[EventDate "2018.11.04"]
[EventType "swiss"]
[EventCountry "CHN"]
[SourceTitle "playchess.com"]
[Source "ChessBase"]
[SourceQuality "1"]

{[%evp 27,67,64,67,35,55,30,22,28,55,33,28,27,21,17,22,22,26,17,20,17,37,19,41,18,46,35,49,34,81,29,29,29,29,27,28,33,27,0,29,0,53,0]} 1. c4 e6 2. Nc3 d5 3. d4 Nf6 4. cxd5 exd5 5. Bg5 c6 6. e3 Bf5 7. Qf3 Bg6 8. Bxf6 Qxf6 9. Qxf6 gxf6 10. Nf3 Nd7 {D35: Queen's Gambit Declined: Exchange Variation} 11. Nh4 Be7 12. Ne2 f5 13. g3 Bxh4 14. gxh4 Nf6 {[#] LiveBook: 6 Games} 15. Bh3 $146 ({Predecessor:} 15. Rg1 Ke7 16. Bh3 Rae8 17. Nf4 Kd6 18. Kd2 {1-0 (42) Kramnik,V (2779)-Aleksandrov,A (2602) Batumi 2018}) 15... Nh5 16. b4 Ke7 17. Kd2 a6 18. a4 Kd6 19. Ra3 Rhe8 20. Rha1 h6 21. b5 axb5 22. axb5 Rxa3 23. Rxa3 f4 24. exf4 cxb5 25. Rb3 {With the idea f5.} Nf6 26. f3 Ra8 27. Nc3 Ra1 28. Ke3 ({White should try} 28. f5 $16 Bh5 29. Rxb5) 28... Re1+ $11 29. Kf2 Rc1 30. Nxb5+ Kc6 $1 31. Na7+ Kc7 32. Nb5+ Kc6 33. Na7+ Kc7 34. Nb5+ {Precision: White = 48%, Black = 60%.} (34. f5 $14 Bh7 35. Rb2) 1/2-1/2

[Event "2nd Dute Cup Longgang Masters"]
[Site "Longgang"]
[Date "2018.11.10"]
[Round "6"]
[White "Wojtaszek, Radoslaw"]
[Black "Yu, Yangyi"]
[Result "1/2-1/2"]
[WhiteElo "2749"]
[BlackElo "2764"]
[Annotator "TA"]
[PlyCount "66"]
[EventDate "2018.11.04"]
[EventType "swiss"]
[EventCountry "CHN"]
[SourceTitle "playchess.com"]
[Source "ChessBase"]
[SourceQuality "1"]

{[%evp 22,66,11,11,9,16,12,18,26,25,39,16,29,34,31,37,50,52,57,45,47,41,41,51,43,42,41,41,50,0,0,0,59,50,60,63,73,70,70,67,83,27,22,0,82,37,82]} 1. d4 Nf6 2. c4 e6 3. Nf3 d5 4. g3 Bb4+ 5. Bd2 Be7 6. Bg2 O-O 7. O-O c6 {[%cal Bc7c6,Bc6c5,Bc5d4][%mdl 32]} 8. Qb3 b6 9. Nc3 Bb7 {E11: Bogo-Indian} 10. Rfd1 Nbd7 11. Rac1 Rc8 (11... h6 12. Ne1 c5 13. cxd5 cxd4 14. d6 Bxd6 15. Bxb7 {1-0 (73) Nakamura,H (2763)-Eljanov,P (2703) Douglas 2018}) 12. Ne1 {[%cal Bf3e1,Be1g2,Bg2e3][%mdl 32] LiveBook: 3 Games} c5 13. cxd5 cxd4 {[#]} 14. d6 $1 {[%mdl 512]} Bxg2 (14... Bxd6 15. Bxb7) 15. dxe7 Qxe7 16. Nxg2 {[#] aiming for Nb5.} Nc5 $146 ({Predecessor:} 16... dxc3 17. Bxc3 {½-½ (46) Studer,N (2484)-Sanal,V (2502) Batumi 2018}) 17. Qa3 {Threatens to win with Na4.} dxc3 18. Bxc3 Rfd8 19. Rxd8+ Rxd8 20. Bb4 Qb7 21. Ne3 h6 22. Bxc5 bxc5 23. Qa5 Rd4 24. b3 Nd7 25. Qd8+ Nf8 26. Qa5 Nd7 27. Nc4 Rd5 28. f3 $36 {[%mdl 2048] White is more active.} Nb8 29. Ne3 Nc6 30. Qe1 Re5 31. Nc4 (31. Kf2 $16) 31... Rd5 $11 32. Ne3 (32. Kf2 $11) 32... Re5 $1 $16 {[%cal Re5e3]} 33. Qd2 Nd4 {Precision: White = 73%, Black = 55%.} 1/2-1/2

[Event "2nd Dute Cup Longgang Masters"]
[Site "Longgang"]
[Date "2018.11.11"]
[Round "7"]
[White "Vachier-Lagrave, Maxime"]
[Black "Ding, Liren"]
[Result "1-0"]
[WhiteElo "2778"]
[BlackElo "2816"]
[Annotator "TA"]
[PlyCount "115"]
[EventDate "2018.11.04"]
[EventType "swiss"]
[EventCountry "CHN"]
[SourceTitle "playchess.com"]
[Source "ChessBase"]
[SourceQuality "1"]

{[%evp 18,115,39,29,30,22,41,21,33,18,29,34,50,45,40,29,110,110,158,175,159,170,163,153,179,168,252,208,250,232,230,228,321,321,300,316,259,177,162,166,164,162,188,143,149,102,106,89,129,88,120,121,126,115,120,114,116,110,162,122,387,420,388,389,455,458,456,432,445,436,376,327,353,353,347,351,337,340,331,325,631,443,623,623,581,569,6268,6054,5375,5352,5242,5218,4590,4133,29989,29990,29990,29991,29991,29983]} 1. e4 {Pavlovic,M} e5 2. Nf3 Nc6 3. Bc4 Nf6 4. d3 Bc5 5. O-O O-O 6. Re1 d6 7. c3 a5 {C54: Giuoco Piano: 4 c3 Nf6, main lines with 5 d4 and 5 d3} 8. Bg5 h6 9. Bh4 g5 10. Bg3 {LiveBook: 4 Games} Ba7 11. Na3 Nh7 $146 ({Predecessor:} 11... Bg4 12. h3 Bh5 13. Nc2 Bg6 14. Bh2 Nh5 15. d4 {1-0 (36) Giri,A (2790)-Eljanov,P (2765) Stavanger 2016 CBM 172 [Pavlovic,M]}) 12. Nd2 g4 13. Nb5 Bb6 14. Bb3 a4 15. Bc2 $1 $36 {[%mdl 2048] White has some pressure.} (15. Bxa4 h5 $15) 15... h5 16. h4 $1 d5 (16... gxh3 $1 $11 {keeps the balance.} 17. Qxh5 Qg5 18. Qxg5+ Nxg5) 17. d4 $16 (17. Bxa4 $6 dxe4 18. Nc4 (18. Nxe4 f5 $17) 18... exd3 $11) 17... dxe4 18. dxe5 Ra5 19. c4 e3 20. fxe3 Nb4 21. a3 Nd3 (21... Nxc2 $142 22. Qxc2 Bd7) 22. b4 axb3 23. Nxb3 Nxe1 24. Qxe1 Ra6 (24... Rxb5 {was worth a try.} 25. cxb5 Qd5) 25. c5 $18 Ba7 26. Qb1 f5 27. exf6 Nxf6 28. Nxa7 ({Don't go for} 28. Nxc7 $2 Bb8 $19) 28... Rxa7 29. Nd4 Qe7 30. Bf4 Qxc5 31. Bb3+ Kg7 32. Be6 {Hoping for Bxc8.} Ra4 {Threatens to win with ...Rxd4.} 33. Qd3 Ra6 {[#]} 34. Bxc8 $1 Rxc8 {[#]} 35. Qxa6 $1 {[%mdl 512]} Qxd4 {[#]} (35... bxa6 36. Ne6+) 36. Qf1 $1 ({Of course not} 36. exd4 $6 bxa6 37. Re1 Kf7 $11) 36... Qe4 37. Rd1 c5 (37... Rf8 $16 {is a better defense.}) 38. Rd6 ({Much worse is} 38. Bh6+ $6 Kg6 $11) 38... Qe7 $2 {[%mdl 8192]} (38... Rf8 $16 {keeps fighting.}) 39. Qa1 Kf7 40. Be5 Ne4 41. Rh6 Qxh4 {...Qf2+ is the strong threat.} 42. Qf1+ Ke7 43. Rh7+ Ke6 44. Bc7 Rxc7 45. Rxc7 {[%mdl 4096] Endgame KQR-KQN} Nd6 46. Rxc5 b6 47. Rc6 g3 {[%csl Gg3][%cal Rh4h2]} 48. Qf3 Qh2+ 49. Kf1 Qh1+ (49... Qh4 $142 50. e4 Qg5) 50. Ke2 Qb1 51. Qxh5 {Threatening mate with Qh6+.} Qa2+ 52. Kf3 Kd7 53. Rxb6 Qf2+ 54. Kg4 {Intending Qh7+ and mate.} Qe2+ 55. Kh4 Qxg2 56. Qh7+ {White mates.} Kc8 57. Qg8+ Kd7 58. Rxd6+ {Precision: White = 85%, Black = 43%.} 1-0

[Event "2nd Dute Cup Longgang Masters"]
[Site "Longgang"]
[Date "2018.11.11"]
[Round "7"]
[White "Yu, Yangyi"]
[Black "Giri, Anish"]
[Result "1/2-1/2"]
[WhiteElo "2764"]
[BlackElo "2780"]
[Annotator "TA"]
[PlyCount "61"]
[EventDate "2018.11.04"]
[EventType "swiss"]
[EventCountry "CHN"]
[SourceTitle "playchess.com"]
[Source "ChessBase"]
[SourceQuality "1"]

{[%evp 17,61,4,-7,-35,-13,-29,-32,-26,-16,-21,4,11,22,21,17,16,32,21,41,27,17,18,17,25,13,10,22,22,25,20,34,18,37,23,17,21,30,16,14,12,9,14,18,0,14,0]} 1. d4 Nf6 2. c4 e6 3. Nc3 Bb4 4. Nf3 O-O 5. Qc2 d5 6. a3 Bxc3+ 7. bxc3 c5 8. e3 b6 9. cxd5 exd5 10. Be2 {E38: Nimzo-Indian: Classical: 4...c5} (10. c4 Nbd7 11. Bb2 Bb7 12. dxc5 Rc8 13. c6 Bxc6 14. cxd5 Bxd5 15. Qd2 Qe7 16. Be2 Nc5 17. Qb4 Be4 {½-½ (34) Grover,S (2478)-Kravtsiv,M (2628) Gurgaon 2014 CBM 158 [Grover,S]}) 10... Ba6 11. O-O $146 ({Predecessor:} 11. a4 Bxe2 12. Qxe2 c4 13. O-O Nc6 14. Qc2 Re8 15. Ba3 Qd7 16. Rfe1 Ne4 17. Nd2 Nxd2 18. Qxd2 {½-½ (54) Zhang,B (1862)-Sinanan,J (2233) Lynnwood 2015}) 11... Bxe2 12. Qxe2 {Black is slightly better.} Nbd7 13. a4 Re8 14. c4 cxd4 15. Nxd4 Ne5 16. cxd5 Qxd5 17. Bb2 Nc4 18. Nb5 Nxb2 19. Qxb2 {[#] And now Nc7 would win.} Qe5 20. Qxe5 Rxe5 21. Rfc1 Ne8 22. Kf1 g6 23. Ke2 h5 24. Rc6 Kg7 25. h3 Re4 26. Nd4 Re7 27. Rac1 Rd8 {[#] aiming for ...Rxd4.The position is equal.} 28. R6c4 {Strongly threatening Nc6.} Rdd7 29. Nc6 Re6 $1 30. Nd4 Ree7 31. Nc6 {Precision: White = 65%, Black = 42%.} 1/2-1/2

[Event "2nd Dute Cup Longgang Masters"]
[Site "Longgang"]
[Date "2018.11.11"]
[Round "7"]
[White "Vitiugov, Nikita"]
[Black "Wojtaszek, Radoslaw"]
[Result "1-0"]
[WhiteElo "2709"]
[BlackElo "2749"]
[Annotator "TA"]
[PlyCount "67"]
[EventDate "2018.11.04"]
[EventType "swiss"]
[EventCountry "CHN"]
[SourceTitle "playchess.com"]
[Source "ChessBase"]
[SourceQuality "1"]

{[%evp 24,67,18,18,22,20,20,26,22,14,28,41,35,40,30,8,10,7,15,10,7,11,14,4,21,19,25,18,26,14,17,6,12,18,26,19,25,18,306,306,306,306,301,301,308,308]} 1. Nf3 d5 2. e3 Nf6 3. c4 e6 4. Nc3 Bd6 5. b3 c5 6. Bb2 Nc6 7. cxd5 exd5 8. d4 cxd4 9. Nxd4 O-O 10. Be2 Re8 11. O-O Nxd4 12. Qxd4 Be5 {D32: Tarrasch Defence: Sidelines and lines without g3} 13. Qd2 {LiveBook: 10 Games} (13. Qd3 Ne4 14. Nxe4 Bxb2 15. Rad1 Bf5 16. Qd2 Bxe4 17. Qxb2 Rc8 18. Rc1 Qb6 19. Rfd1 h6 20. Qd2 {1-0 (53) Giri,A (2767)-Dominguez Perez,L (2752) Novi Sad 2016 CBM 176 [Krasenkow,M]}) 13... d4 14. exd4 Qxd4 {The position is equal.} 15. Qxd4 Bxd4 16. Bf3 Be6 $146 (16... Rd8 {is interesting.} 17. h3 Rb8 18. Rfd1 Be6 19. Rd2 Be5) ({Predecessor:} 16... Rb8 17. Rfd1 Be5 18. Na4 Bxb2 19. Nxb2 Bg4 20. Bxg4 Nxg4 21. Nc4 Re2 22. Re1 Rbe8 23. Rxe2 Rxe2 24. h3 {½-½ (24) Winants,L (2480)-Giddins,S (2345) Antwerp 1995}) 17. Rad1 Bxc3 18. Bxc3 Rac8 19. Bd4 b6 20. Rd2 Bf5 21. Be3 Be4 22. Bxe4 Rxe4 23. Rfd1 Kf8 24. h3 Re6 25. Rd4 h6 26. Ra4 Re7 27. Rdd4 Ke8 28. g4 {[%cal Bg2g4,Bg4g5][%mdl 32]} Rd8 29. Rxd8+ Kxd8 30. g5 Ng8 $2 {[%mdl 8192] [#]} (30... hxg5 $11 {and Black is okay.} 31. Bxg5 Rc7) 31. Bxb6+ $1 $18 {[%mdl 512] White has a decisive advantage.} axb6 32. Ra8+ Kd7 {White must now prevent ...Re1+.} 33. Rxg8 hxg5 34. Rxg7 {Precision: White = 80%, Black = 44%.} 1-0

[Event "2nd Dute Cup Longgang Masters"]
[Site "Longgang"]
[Date "2018.11.12"]
[Round "8"]
[White "Ding, Liren"]
[Black "Yu, Yangyi"]
[Result "1-0"]
[WhiteElo "2816"]
[BlackElo "2764"]
[Annotator "TA"]
[PlyCount "147"]
[EventDate "2018.11.04"]
[EventType "swiss"]
[EventCountry "CHN"]
[SourceTitle "playchess.com"]
[Source "ChessBase"]
[SourceQuality "1"]

{[%evp 23,147,21,24,-8,-15,-7,13,8,13,13,15,9,17,-8,-8,-5,-5,-5,-6,-5,-8,-8,-14,-4,-7,-21,0,0,1,6,39,39,31,38,52,31,28,13,28,27,32,22,70,69,79,79,79,81,81,79,79,72,66,76,69,40,68,67,83,68,126,131,124,124,129,89,255,255,211,212,258,247,296,304,394,387,408,397,442,460,469,468,413,381,418,367,518,471,847,868,853,837,704,666,789,651,651,437,482,56,56,56,56,56,56,56,56,56,56,56,29937,29947,29957,1636,29955,29954,29959,29960,29960,29961,29961,8,29959,29963,12843,8]} 1. c4 e5 2. Nc3 Nf6 3. Nf3 Nc6 4. g3 d5 5. cxd5 Nxd5 6. Bg2 Nb6 7. O-O Be7 8. a3 O-O 9. b4 Re8 10. Rb1 {A29: English Opening: Four Knights Variation with 4 g3} (10. d3 Bf8 11. Bb2 a5 12. b5 Nd4 13. Nd2 c6 14. bxc6 Nxc6 15. Na4 Nxa4 16. Qxa4 Bd7 17. Rfc1 Rb8 18. Qb3 Be6 19. Qb5 Bd7 20. Qb3 Be6 21. Qb5 Bd7 22. Qb3 {½-½ (22) Vitiugov,N (2722)-Svidler,P (2765) St Petersburg 2017}) 10... Bf8 11. d3 Bg4 12. h3 Bh5 {LiveBook: 3 Games} 13. Bg5 $146 ({Predecessor:} 13. Nd2 Rb8 14. Nde4 Nd4 15. g4 Bg6 16. e3 Ne6 17. Bb2 c6 18. Ne2 f6 {½-½ (77) Wadsworth,M (2273)-Oblitas Guerrero,C (2397) Barcelona 2017}) 13... f6 14. Be3 Bf7 15. Nd2 Rb8 16. Nb3 Ne7 {[%cal Bc6e7,Be7d5,Bd5c3][%mdl 32]} 17. Bc5 Ned5 18. Qc2 Nxc3 19. Qxc3 Na4 20. Qc2 Nxc5 21. Nxc5 c6 22. a4 Qe7 23. Rfc1 Rbc8 24. Ne4 Red8 25. h4 Rd4 26. b5 Rb4 27. Rxb4 Qxb4 28. Nd2 {[%cal Be4d2,Bd2c4,Bc4e3,Be3d5][%mdl 32]} Qd4 29. bxc6 bxc6 30. Qd1 Qb6 31. Nc4 Qd8 32. Qe1 Bd5 33. Ne3 Bxg2 34. Kxg2 a5 35. Qc3 Bb4 36. Qc4+ Kh8 37. Qe6 c5 38. Nd5 Qe8 39. Qxe8+ Rxe8 $14 {[%mdl 4096] Endgame KRB-KRN} 40. h5 {[%cal Bh4h5,Bh5h6][%mdl 32]} f5 41. e4 g6 ({Black should try} 41... Rd8 $14) 42. h6 $1 $16 Rd8 43. Kf3 Kg8 44. Ke2 Kf7 $2 (44... Kf8 $16) 45. Nxb4 $18 cxb4 {KR-KR} 46. Rc7+ Kf6 47. Rxh7 fxe4 48. dxe4 Kg5 49. Re7 $1 Kxh6 50. Rxe5 b3 {[#]} 51. Rb5 $1 {[%cal Rb5b3]} Rd4 52. Ke3 Rxa4 {Threatening ...Ra3.} 53. Rxb3 Ra2 54. Rb6 a4 (54... Kg7 $142 55. e5 Kf7 56. Rf6+ Kg7) 55. f3 a3 (55... Ra3+ $142 56. Kf4 Rb3) 56. Ra6 Rg2 57. Kf4 a2 58. g4 Rf2 {[#]} 59. e5 $1 {[%cal Re5e6]} Rb2 60. Ra7 {White threatens g5+ and mate.} Rb4+ 61. Kg3 $2 (61. Ke3 $18 Rb3+ 62. Ke4) 61... Rb5 $1 $14 62. f4 {[%cal Bf3f4,Bf4f5][%mdl 32] Threatening mate with g5+.} g5 $1 63. f5 ({Resist} 63. Rxa2 $6 Rb3+ 64. Kf2 gxf4 $16) 63... Rxe5 64. Rxa2 {Black must now prevent Ra6+.} Re3+ $1 65. Kf2 Re4 $1 66. Kf3 $1 {[%cal Rf3e4]} Rf4+ $2 {[%mdl 8192]} (66... Rb4 $14) 67. Kg3 Rb4 68. Ra6+ Kh7 69. Rg6 Rb3+ 70. Kf2 Rb2+ 71. Ke3 Rb3+ 72. Ke2 Rb2+ $2 {[%mdl 8192]} (72... Rb4 $11) 73. Kd3 Rb3+ 74. Ke4 $2 {[%mdl 32768] Precision: White = 77%, Black = 42%. . Sensor Board Error (Ke4/e5)?} ({White must play} 74. Kc4 $18 Ra3 75. Rxg5) 1-0

[Event "2nd Dute Cup Longgang Masters"]
[Site "Longgang"]
[Date "2018.11.12"]
[Round "8"]
[White "Giri, Anish"]
[Black "Vitiugov, Nikita"]
[Result "1/2-1/2"]
[WhiteElo "2780"]
[BlackElo "2709"]
[Annotator "TA"]
[PlyCount "67"]
[EventDate "2018.11.04"]
[EventType "swiss"]
[EventCountry "CHN"]
[SourceTitle "playchess.com"]
[Source "ChessBase"]
[SourceQuality "1"]

{[%evp 18,67,29,17,39,34,44,16,14,20,12,2,7,0,5,5,3,10,0,2,5,0,7,0,0,0,0,0,6,0,0,0,10,0,0,0,0,0,0,0,0,0,0,0,0,0,0,0,0,0,0,0]} 1. c4 c6 2. Nf3 d5 3. e3 Nf6 4. Qc2 g6 5. b3 Bg7 6. Bb2 {A11: English Opening: 1...c6} O-O 7. Be2 b6 (7... Bf5 8. d3 Na6 9. a3 dxc4 10. bxc4 Nc5 11. Nd4 Bxd3 12. Bxd3 Nxd3+ 13. Qxd3 {0-1 (51) Movsesian,S (2647)-Fressinet,L (2662) Riadh 2017}) 8. O-O Bb7 9. d4 Nbd7 10. Nc3 {LiveBook: 10 Games} Re8 11. Ne5 $146 ({Predecessor:} 11. Rfd1 Rc8 {½-½ (11) Shtyrenkov,V (2410)-Voloshin,L (2453) Alushta 2010}) 11... c5 12. Nxd7 (12. f4 {seems wilder.} e6 13. Bf3 Qc8 14. a4 a6 15. g4) 12... Qxd7 {The position is equal.} 13. dxc5 dxc4 14. cxb6 cxb3 15. Qxb3 {Threatening Bb5.} axb6 16. Bb5 Bc6 17. Rfd1 Qb7 $1 18. Bxc6 Qxc6 19. Rac1 {[#] Black must now prevent Nb5.} Qb7 20. Nb5 {And now Nc7 would win.} Rec8 21. h3 Rxc1 22. Rxc1 Rc8 23. Rc4 Rxc4 24. Qxc4 Nd7 25. Bxg7 Kxg7 26. Nc3 Nf6 27. Qd4 Qc7 28. f4 Kg8 29. a4 h5 30. Kh2 Nd7 31. Ne4 Qc6 32. Ng5 f6 33. Ne4 Kf7 34. Nc3 {Precision: White = 67%, Black = 76%.} 1/2-1/2

[Event "2nd Dute Cup Longgang Masters"]
[Site "Longgang"]
[Date "2018.11.12"]
[Round "8"]
[White "Wojtaszek, Radoslaw"]
[Black "Vachier-Lagrave, Maxime"]
[Result "1/2-1/2"]
[WhiteElo "2749"]
[BlackElo "2778"]
[Annotator "TA"]
[PlyCount "60"]
[EventDate "2018.11.04"]
[EventType "swiss"]
[EventCountry "CHN"]
[SourceTitle "playchess.com"]
[Source "ChessBase"]
[SourceQuality "1"]

{[%evp 14,60,13,4,26,16,16,22,22,25,25,22,38,18,14,27,28,28,28,28,28,28,28,29,37,0,0,-12,-7,-32,-34,-33,-26,-25,0,0,0,0,0,0,0,0,0,0,0,0,0,0,0]} 1. d4 Nf6 2. c4 g6 3. Nf3 Bg7 4. g3 c6 5. Nc3 d5 6. cxd5 {E60: King's Indian: Unusual lines and Fianchetto Variation without Nc3} cxd5 7. Ne5 Nfd7 8. f4 {LiveBook: 3 Games} Nf6 $146 ({Predecessor:} 8... Nb6 9. Bg2 O-O 10. O-O Nc6 11. Be3 e6 12. Bf2 Ne7 13. e4 dxe4 14. Nxe4 Nbd5 15. Nc3 b6 16. Nxd5 Nxd5 17. Rc1 Bb7 18. Qa4 Qe7 19. Rc2 Rfc8 20. Rfc1 Rxc2 21. Rxc2 {1-0 (28) Ding,L (2777)-Ivanchuk,V (2726) Huaian 2017}) 9. Bg2 O-O 10. O-O Nc6 11. e3 Be6 12. Bd2 Rc8 {[%cal Ba8c8,Bc8c6,Bc6b6][%mdl 32]} 13. Rc1 h5 14. Qb3 Ne4 15. Nxe4 dxe4 16. Nxc6 Rxc6 17. Qxb7 Rb6 18. Qxe4 {[#] And now Ba5 would win.} Rxb2 19. Bc3 Rxa2 20. d5 Bxc3 $1 21. dxe6 f5 22. Qd5 Qxd5 23. Bxd5 Rd2 (23... Ra3 {seems wilder.} 24. e4 fxe4 25. Bxe4 Kg7 26. Rf3 Bd4+) 24. Rxc3 {[#] Hoping for e4.The position is equal.} Rxd5 $11 {[%mdl 4096] Endgame KRR-KRR} 25. Rc7 Re8 $1 26. Rxa7 Rd6 27. Rfa1 Rxe6 28. Ra8 Rxa8 29. Rxa8+ Kf7 30. Kf2 Rb6 {Precision: White = 54%, Black = 78%.} 1/2-1/2